[Event "Top 12 FRA-chT 2017"]
[Site "Chartres"]
[Date "2017.05.25"]
[Round "8"]
[White "Le Roux, Jean-Pierre"]
[Black "Bellahcene, Bilel"]
[Result "0-1"]
[WhiteElo "2538"]
[BlackElo "2452"]
[Annotator "TA"]
[PlyCount "154"]
[EventDate "2017.??.??"]
[EventType "team-tourn"]
[EventCountry "FRA"]
[SourceTitle "playchess.com"]
[Source "ChessBase"]
[SourceQuality "1"]
[WhiteTeam "Bischwiller"]
[BlackTeam "Tremblay-En-France"]

{[%evp 22,154,7,7,0,0,0,0,11,0,0,-9,0,-11,-4,-14,-11,-22,-22,-19,-17,-44,-36,-89,-77,-92,-89,-81,-84,-128,-70,-75,-37,-21,-15,-34,20,11,29,37,55,0,12,-20,-25,-35,-21,-31,72,-19,-25,-33,0,0,60,0,0,0,0,-12,-12,0,0,0,0,0,0,0,0,0,0,0,0,-9,0,-18,0,-13,-8,-27,-11,-15,-18,-64,0,-22,-57,-25,0,0,0,0,0,0,4,0,157,164,220,215,223,178,152,166,175,175,161,-725,-703,-885,-885,-850,-810,-682,-314,-529,-455,-629,-623,-624,-626,-612,-596,-1414,-1104,-928,-908,-1979,-1970,-1920,-1920,-1434,-1391,-1243,-932]} 1. Nf3 d5 2. d4 Nf6 3. Bf4 e6 4. e3 c5 5. c3 Nc6 6. Nbd2 Bd6 7. Bg3 O-O 8. Bb5 {D02: 1 d4 d5 2 Nf3 sidelines, including 2...Nf6 3 g3 and 2...Nf6 3 Bf4} Qe7 (8... a6 9. Bxc6 bxc6 10. Qa4 Rb8 11. Qa3 Bxg3 12. hxg3 cxd4 13. cxd4 a5 14. O-O Qb6 15. b3 Ba6 {1-0 (24) Carlsen,M (2840)-Anand,V (2779) Doha 2016}) 9. Bxc6 bxc6 10. Qa4 cxd4 11. cxd4 Bxg3 12. hxg3 {LiveBook: 3 Games} a5 $146 ({Predecessor:} 12... Bd7 13. Rc1 Rfb8 14. Nb3 Ne4 15. O-O Be8 {1-0 (86) Matlakov,M (2691)-Timofeev,A (2601) Sochi 2016}) 13. O-O ({But not} 13. Qxc6 Ba6 $17) 13... Ba6 14. Rfc1 Bb5 15. Qc2 a4 $1 16. Ne5 Rfc8 17. Qc5 Qd8 18. Rc3 Ne8 {[%cal Bf6e8,Be8d6,Bd6f5,Bf5h4][%mdl 32]} 19. Rac1 f6 $36 {[%mdl 2048] Black is pushing.} 20. Nd3 Nd6 21. Nf4 Qd7 22. f3 (22. Nd3 $15) 22... Re8 $17 23. Nd3 Nf5 24. Nf1 e5 25. dxe5 fxe5 (25... d4 $1 $17 {[%cal Rd4c3]} 26. e6 Rxe6 27. Qxf5 dxc3) 26. g4 $15 Nh4 {Hoping for ...e4.} 27. Nf2 Rad8 28. Ra3 Re6 (28... Qf7 $15) 29. Ng3 $11 Qf7 30. e4 Rh6 {aiming for ...Qf4.} 31. Qe3 (31. Nf5 $14 Nxf5 32. gxf5) 31... Qe7 32. Nh3 d4 33. Qg5 Qxg5 34. Nxg5 Rhd6 (34... Rf6 $15 {keeps the upper hand.}) 35. Nf1 (35. Nf5 $16) 35... Ng6 36. Nh3 Nf8 37. Nd2 Ne6 (37... Rb8 $11) 38. b3 (38. Nc4 $14) 38... axb3 39. axb3 h6 40. Ra5 R6d7 41. Kh2 Kf7 42. g3 g5 43. Nf2 Kg7 44. Kg2 Rf8 45. Rca1 Nc5 46. Rc1 Ne6 47. Rca1 Rdf7 48. Ra7 Be2 49. Rxf7+ Rxf7 50. Nd1 (50. Nc4 $5 {[%cal Rc4e5]}) 50... Nc5 51. Kf2 Bd3 {...Nxe4+ is the strong threat.} 52. Ke1 $1 Bc2 (52... Rb7 $15 53. Ra3 Bc2) 53. Ra3 Rb7 {[%cal Rc2b3]} 54. Nb2 Kf6 {[%cal Rc5b3]} 55. Nbc4 Nxb3 56. Ra6 Rc7 57. Nd6 Ke7 58. Nf5+ Kd7 $2 {[#]} (58... Kf6 $11) 59. Nc4 $1 $16 {[%cal Rc4e5]} d3 (59... Ke6 $142) 60. Nxe5+ $18 Kc8 {And now ...d2+ would win.} 61. Nc4 Kb7 62. Ra3 c5 63. e5 ({Weaker is} 63. Nxh6 Rh7 $17) 63... Kc6 64. Ra6+ $4 {[%mdl 8192]} (64. Nfe3 $18) 64... Kb5 $19 65. Rd6 Kxc4 66. Ne3+ Kb5 67. e6 Nd4 (67... c4 $142 68. Kf2 Re7) 68. Kd2 $2 (68. Nd5 {is the only way for White.} Rb7 69. e7 Nxf3+ 70. Kf2 Rxe7 71. Nxe7) 68... Bb3 {Black is clearly winning.} 69. Kxd3 Bxe6 70. f4 Rd7 71. Rxd7 Bxd7 72. f5 Bc6 73. f6 Nf3 74. Nc4 {[#]} Bd5 $1 ({And not} 74... Ne1+ 75. Kc3 $11) 75. Nd6+ Kc6 76. Nf5 Ne5+ 77. Kc3 Nf7 {Precision: White = 43%, Black = 54%.} 0-1

[Event "Top 12 FRA-chT 2017"]
[Site "Chartres"]
[Date "2017.05.25"]
[Round "8"]
[White "Rozentalis, Eduardas"]
[Black "Touzane, Olivier"]
[Result "1/2-1/2"]
[WhiteElo "2535"]
[BlackElo "2277"]
[Annotator "TA"]
[PlyCount "70"]
[EventDate "2017.??.??"]
[EventType "team-tourn"]
[EventCountry "FRA"]
[SourceTitle "playchess.com"]
[Source "ChessBase"]
[SourceQuality "1"]
[WhiteTeam "Strasbourg"]
[BlackTeam "Montpellier"]

{[%evp 9,70,46,50,36,25,24,24,26,62,62,73,68,65,52,53,47,97,50,43,-20,-32,-56,-56,-59,-51,-67,-62,-64,-69,-47,-60,-50,-60,-57,-56,-118,-125,-125,-124,-120,-111,-128,-87,-112,-108,-118,-87,-87,-60,-79,-79,-79,-79,-116,-72,-79,-79,-101,0,-79,-18,-79,0]} 1. e4 e6 2. d4 d5 3. Nd2 h6 (3... c5 4. exd5 Qxd5 5. dxc5 Bxc5 6. Ngf3 Nf6 7. Bc4 Qc6 8. O-O Nbd7 9. Qe2 a6 10. a4 b6 11. Nb3 Bb7 12. Nxc5 Nxc5 13. b4 Ncd7 14. Rd1 O-O 15. b5 {½-½ (31) Zherebukh,Y (2605)-So,W (2822) Saint Louis 2017}) 4. Ngf3 Nf6 5. e5 Nfd7 6. Be2 {C03: French Tarrasch: Unusual Black 3rd moves} c5 7. c3 Nc6 8. a3 {White has an edge.} g5 $146 {White should prevent ...g4.} ({Predecessor:} 8... a5 9. O-O Qb6 10. Qa4 Be7 11. b4 cxd4 {1-0 (37) Nikitenko,M (2396)-Short,N (2684) Minsk 2015}) 9. h3 Qb6 {[%cal Rc5d4]} 10. Nf1 f6 11. exf6 Nxf6 12. Ng3 Bd6 13. Qd3 Rg8 14. O-O (14. dxc5 $1 $14 Bxc5 15. O-O) 14... c4 $11 15. Qc2 Bd7 16. Nh2 O-O-O 17. Ng4 Nxg4 18. Bxg4 Bxg3 19. fxg3 e5 {aiming for ...Bxg4.} 20. Bxd7+ $1 Rxd7 21. Be3 exd4 22. Bxd4 (22. cxd4 $15 Re8 23. Rae1) 22... Nxd4 $17 23. cxd4 Qxd4+ 24. Kh2 Qc5 25. Rf5 Qc7 26. Qe2 Rgd8 27. Rd1 Rd6 28. Rd4 b5 29. Qf2 Kb7 30. Rf7 R8d7 31. Rf8 a5 32. Qe1 Re7 33. Qd2 Red7 34. Qe1 $1 Qb6 ({Better is} 34... Rd8 $17 35. Rf5 Qb6) 35. Qe5 (35. Rd2 $1 $11 {remains equal.}) 35... Qc7 {Precision: White = 49%, Black = 57%.} (35... Ka7 $17) 1/2-1/2

[Event "Top 12 FRA-chT 2017"]
[Site "Chartres"]
[Date "2017.05.25"]
[Round "8"]
[White "Kveinys, Aloyzas"]
[Black "Vernay, Clovis"]
[Result "0-1"]
[WhiteElo "2520"]
[BlackElo "2501"]
[Annotator "TA"]
[PlyCount "86"]
[EventDate "2017.??.??"]
[EventType "team-tourn"]
[EventCountry "FRA"]
[SourceTitle "playchess.com"]
[Source "ChessBase"]
[SourceQuality "1"]
[WhiteTeam "Saint Quentin"]
[BlackTeam "Bois-Colombes"]

{[%evp 18,86,23,-19,54,26,33,0,0,0,0,0,0,0,0,0,0,0,2,0,13,14,32,43,40,33,43,45,70,0,0,10,16,-38,23,-13,-5,-5,-9,-13,-18,-10,-17,-17,-18,-25,-17,-17,-15,-17,0,0,0,0,0,0,0,0,0,0,0,-34,-57,-455,-453,-396,-385,-1519,-1473,-12834,-1360]} 1. d4 d5 2. c4 c6 3. Nc3 Nf6 4. e3 Bf5 5. Nf3 a6 6. Qb3 Ra7 {D15: Slav Defence: 4 Nc3 a6 and gambit lines after 4 Nc3 dxc4} 7. a4 (7. Nh4 Bc8 8. Bd2 e6 9. Nf3 Nbd7 10. c5 b6 11. cxb6 Qxb6 12. Qc2 Bd6 13. Rc1 Bb7 14. Bd3 {0-1 (40) Romanov,E (2636)-Malakhov,V (2712) Sochi 2017}) 7... e6 8. a5 Nbd7 9. Nh4 Be4 10. f3 {LiveBook: 3 Games} Bg6 (10... dxc4 $1 $11 11. Bxc4 Bd5) 11. cxd5 $14 cxd5 12. Be2 $146 (12. e4 $5) ({Predecessor:} 12. Bd2 Bd6 13. g3 O-O 14. Nxg6 hxg6 {½-½ (49) Kunte,A (2528)-Suvrajit,S (2384) Aurangabad 2011}) 12... Nb8 13. Qb6 Nc6 14. Qxd8+ Kxd8 15. Nxg6 hxg6 16. Bd2 Bb4 17. Nb1 Bd6 18. Kf2 Ra8 19. Bc3 Nh5 {next ...Ng3! is good for Black.} 20. Nd2 f5 21. g3 Rc8 22. Nb3 g5 23. Kg2 ({White should play} 23. Nc5 $14 Bxc5 24. dxc5) 23... Nf6 $11 24. h3 Ke7 25. Rhc1 (25. Nc5 $11) 25... Rh7 ({Better is} 25... f4 $15) 26. Bd2 Rch8 27. Rh1 g4 28. hxg4 {Black must now prevent Rxh7.} Rxh1 29. Rxh1 Rxh1 30. Kxh1 fxg4 31. Kg2 gxf3+ 32. Bxf3 e5 33. Bc3 e4 34. Bd1 Ke6 35. Kh3 Ne7 36. Nc5+ Bxc5 $1 37. dxc5 {[%mdl 4096] Endgame KBB-KNN} Nf5 38. Bd4 Nd7 39. b4 ({Don't play} 39. Bg4 g6 $17) (39. g4 $5 {[%cal Rg4f5]} Nxd4 40. exd4 $11) 39... Ne5 40. Ba4 $2 {[%mdl 8192] [#]} (40. Bxe5 $1 $15 Kxe5 41. Bg4 Nxe3 42. Bc8) 40... Nxd4 $19 41. exd4 Nd3 42. b5 $2 (42. Kg2 Nxb4 43. Bd1) 42... e3 43. c6 bxc6 {Precision: White = 43%, Black = 57%.} (43... e2 $142 44. Bc2 e1=Q 45. Bxd3 bxc6 46. bxa6 Qh1+ 47. Kg4 Qd1+ 48. Kh3 Qxd3 49. Kg2 Qxa6 50. Kf2 Qxa5 51. Ke3 Qc3+ 52. Ke2 Kf5 53. Kf2 Kg4 54. Ke2 Kxg3 55. Kd1 Qb2 56. Ke1 Qc2 57. Kf1 Qf2#) 0-1

[Event "Top 12 FRA-chT 2017"]
[Site "Chartres"]
[Date "2017.05.25"]
[Round "8"]
[White "Sanikidze, Tornike"]
[Black "Flear, Glenn C"]
[Result "1/2-1/2"]
[WhiteElo "2518"]
[BlackElo "2439"]
[Annotator "TA"]
[PlyCount "59"]
[EventDate "2017.??.??"]
[EventType "team-tourn"]
[EventCountry "FRA"]
[SourceTitle "playchess.com"]
[Source "ChessBase"]
[SourceQuality "1"]
[WhiteTeam "Strasbourg"]
[BlackTeam "Montpellier"]

{[%evp 29,59,0,13,0,0,0,10,0,0,-10,-1,0,0,-3,0,0,0,-6,-5,-37,0,0,-3,-9,0,0,0,0,0,0,0,0]} 1. d4 d5 2. c4 e6 3. Nf3 Nf6 4. Nc3 c6 5. cxd5 exd5 6. Qc2 g6 7. Bg5 Be7 8. e3 Bf5 9. Bd3 Bxd3 10. Qxd3 Nbd7 11. Bh6 Bf8 12. Bxf8 {D36: Queen's Gambit Declined: Exchange Variation: Main line (5 Bg5 c6 6 Qc2)} Kxf8 13. O-O Kg7 (13... a5 14. Ne5 Kg7 15. Nxd7 Qxd7 16. f3 Rhe8 17. e4 dxe4 18. fxe4 c5 19. d5 Ng4 {0-1 (61) Kryakvin,D (2551)-Matlakov,M (2632) Taganrog 2011}) 14. b4 a6 15. a4 Qe7 {LiveBook: 4 Games} 16. Rab1 $146 ({Predecessor:} 16. b5 axb5 17. axb5 c5 18. dxc5 Qxc5 19. Ne2 Nb6 {½-½ (31) Brodowski,P (2437)-Urban,K (2464) Wroclaw 2011}) 16... Ne4 17. Nd2 Nd6 18. f3 f5 19. Rfe1 Rhe8 20. b5 axb5 21. axb5 Ra3 {...Nxb5 is the strong threat.} 22. bxc6 bxc6 23. Qc2 Qf6 24. Nb3 (24. Qc1 $5 {[%cal Rc1a3]} Rea8 25. g3 $15) 24... Nb6 (24... Nc4 {is interesting.} 25. Nd1 Rea8 26. Re2 Rb8 27. Nd2 Rxb1 28. Qxb1 Nd6) 25. e4 {The position is equal.} fxe4 26. fxe4 dxe4 27. Nxe4 Nxe4 28. Rxe4 Rxe4 29. Qxe4 Nd5 30. Rf1 {Precision: White = 51%, Black = 65%.} 1/2-1/2

[Event "Top 12 FRA-chT 2017"]
[Site "Chartres"]
[Date "2017.05.25"]
[Round "8"]
[White "Shoker, Samy"]
[Black "Marcelin, Cyril"]
[Result "1/2-1/2"]
[WhiteElo "2498"]
[BlackElo "2472"]
[Annotator "TA"]
[PlyCount "198"]
[EventDate "2017.??.??"]
[EventType "team-tourn"]
[EventCountry "FRA"]
[SourceTitle "playchess.com"]
[Source "ChessBase"]
[SourceQuality "1"]
[WhiteTeam "Bois-Colombes"]
[BlackTeam "Saint Quentin"]

{[%evp 19,198,0,23,0,0,0,0,0,0,0,0,2,34,15,14,8,12,10,16,3,3,-25,0,0,0,-16,0,0,0,0,0,0,0,0,43,39,31,34,36,28,27,0,0,0,0,0,396,379,389,397,397,394,385,399,353,0,339,195,344,310,318,0,268,0,300,206,400,258,254,257,251,250,215,117,117,109,109,107,112,106,143,95,191,185,185,0,169,163,279,206,206,206,204,148,141,141,1043,208,198,197,200,198,198,152,206,148,197,193,197,150,150,141,141,141,141,117,117,117,117,117,117,117,117,117,117,117,117,117,117,117,117,117,117,117,117,117,117,0,0,0,0,0,0,0,0,0,0,0,0,0,0,0,0,0,0,0,0,0,0,0,0,0,0,0,0,0,0,0,0,0,0,0,0,0,0,0,0,0,0,0,0]} 1. Nf3 d5 2. c4 c6 3. g3 Nf6 4. Bg2 g6 5. b3 Bg7 6. Bb2 O-O 7. O-O Bg4 8. d3 Nbd7 9. Nbd2 Re8 10. Rc1 {A11: English Opening: 1...c6} a5 {LiveBook: 5 Games} 11. a3 $146 ({Predecessor:} 11. h3 Bxf3 12. Nxf3 Qb6 13. cxd5 Nxd5 14. d4 a4 15. Nd2 axb3 16. Nc4 {1-0 (33) Howell,D (2644)-Short,N (2679) London 2016}) 11... e5 12. cxd5 cxd5 13. h3 Bxf3 14. Nxf3 Qb6 15. e3 Re6 16. Nd2 Rc6 17. e4 Rxc1 18. Bxc1 dxe4 19. dxe4 Nc5 20. a4 Rd8 21. Qc2 Qb4 22. Nc4 Nxb3 23. Nxe5 Qxa4 {[#]} 24. Nxf7 $1 {[%mdl 512]} Kxf7 25. e5 $1 Qb5 26. Bg5 a4 (26... Nd4 $5 {[%cal Rd4c2]} 27. Qa2+ Nb3 $11) 27. exf6 Bxf6 28. Bxf6 Kxf6 29. Re1 Rd7 30. Qc3+ Nd4 31. Re4 $36 {[%mdl 2048] White has some pressure.} Qb6 $1 32. Qa3 Qb3 $2 {[%mdl 8192]} (32... Qd6 $11 33. Qxa4 b5) 33. Qf8+ $18 Qf7 34. Qc5 {[%csl Ge4][%cal Rc5e5]} Ne6 35. Qc3+ Ke7 36. Qb4+ Kf6 37. Qc3+ (37. Qxa4 Kg7 $16) 37... Ke7 38. Qa3+ (38. Bf3 $142) 38... Kf6 (38... Ke8 $142 39. Bf1 (39. Qxa4 Kf8 $16) 39... Qf5 40. Qxa4 Kf8 41. Qa3+ (41. Qxd7 Qxe4 42. Bd3 Qd4 $16) 41... Kg7) 39. Qa1+ (39. Qxa4 Kg7 $16) 39... Ke7 40. Qa3+ (40. Qxa4 Kf8 $16) (40. Rxa4 Qf6 $18) 40... Kf6 $1 41. Qa1+ (41. Qxa4 Kg7 $16) 41... Ke7 42. Qxa4 {Re3 is the strong threat.} Qf6 $2 (42... Kf8 43. Bf1 Qf5) 43. h4 Rd4 44. Qa3+ Kf7 {[#]} 45. Re3 $1 Kg7 {[#]} 46. Bxb7 (46. Rf3 $1 $18 {[%cal Rf3f6]} Qd8 47. Bh3) 46... Rd7 $16 47. Rf3 Qe7 {Threatens to win with ...Rd1+.} 48. Qb2+ Nd4 49. Kg2 Qe5 50. Rf4 Nc6 (50... Qb8 $16 {might work better.} 51. Rxd4 Qxb7+ 52. Qxb7 Rxb7) 51. Qa3 $18 {[%csl Gf4][%cal Ra3f8]} Qd6 52. Qb2+ $2 ({White should play} 52. Qa1+ $18 Nd4 53. Bf3) 52... Nd4 $2 (52... Qe5 $1 $11 {and Black is okay.} 53. Qa3 Qd6 54. Qc3+ Nd4) 53. Bf3 Kh6 (53... h5 {keeps fighting.} 54. Be4 Qe5) 54. Be4 Qe5 55. Qa1 Kg7 56. Qa8 {[%csl Gf4][%cal Ra8f8]} Ne6 57. Rf3 Rf7 $2 {[%mdl 8192]} (57... Qc5 $16 58. Rd3 (58. Qe8 Qe7 $16) 58... Rxd3 59. Bxd3 Qd4) 58. Rxf7+ $2 (58. Qd5 Qxd5 59. Rxf7+ (59. Bxd5 Rxf3 60. Kxf3 Nc7 $18) 59... Kxf7 60. Bxd5) 58... Kxf7 59. Qb7+ Qc7 60. Qb2 Qc4 61. Qb1 Kg7 (61... Nc5 $16) 62. Bf3 Nd4 63. Qb2 Qc5 64. Qb7+ Kh6 65. Bd5 Nf5 66. Qf7 Qe7 67. Qg8 Qf6 68. Be4 Ne7 69. Qd8 Kg7 70. Qd7 Qe5 71. Bf3 h5 72. Qb7 Kh6 73. Qa8 (73. Be4 {with more complications.} Kg7 74. Qb4 Qf6 75. Qc5 Kh6 76. Bb7) 73... Kg7 74. Be4 Qe6 75. Qa1+ Qf6 76. Qa5 Qe6 77. Bf3 Qf6 78. Bxh5 (78. Qc7 $16) 78... gxh5 $11 {The position is equal.} 79. Qxh5 Ng6 80. Qg4 {Hoping for h5.} Kh6 81. Qe4 Qe5 82. Qxe5 (82. Qd3 {seems wilder.} Qe6 83. Qd2+ Kh7 84. f3 Qf5 85. Qe2) 82... Nxe5 {[%mdl 4096] Endgame KN-K3P} 83. f3 Kh5 84. Kf2 Nc4 85. Ke2 Ne5 86. Ke3 Nc4+ 87. Kd3 Nd6 88. Ke3 Nf5+ 89. Kf4 Nd4 90. Ke3 Nf5+ 91. Kf2 (91. Kf4 $5 {[%cal Rg3g4]} Nd6 92. g4+ Kxh4 93. g5 $11) 91... Nd4 92. Kg2 $1 Ne2 93. Kf2 Nd4 94. Ke3 Nf5+ 95. Kf4 Nd4 96. Ke4 Ne2 97. g4+ Kxh4 98. Ke3 Ng1 99. Kf4 Nxf3 {Precision: White = 63%, Black = 64%.} 1/2-1/2

[Event "Top 12 FRA-chT 2017"]
[Site "Chartres"]
[Date "2017.05.25"]
[Round "8"]
[White "Sebag, Marie"]
[Black "Vidal, Llewellyn"]
[Result "1-0"]
[WhiteElo "2488"]
[BlackElo "2193"]
[Annotator "TA"]
[PlyCount "67"]
[EventDate "2017.??.??"]
[EventType "team-tourn"]
[EventCountry "FRA"]
[SourceTitle "playchess.com"]
[Source "ChessBase"]
[SourceQuality "1"]
[WhiteTeam "Strasbourg"]
[BlackTeam "Montpellier"]

{[%evp 19,67,27,25,23,27,35,20,37,32,30,47,25,4,6,6,6,17,7,10,12,12,0,16,11,17,6,8,7,8,8,33,27,41,39,121,120,134,130,132,121,221,218,558,545,555,550,548,554,647,659]} 1. e4 c6 2. d4 d5 3. e5 c5 4. dxc5 e6 5. a3 Nc6 6. Nf3 {B12: Caro-Kann: Advance Variation} Bxc5 7. b4 Bb6 8. Bb2 Nge7 {[%cal Bg8e7,Be7g6,Bg6f4][%mdl 32]} 9. Bd3 Ng6 10. O-O O-O {LiveBook: 10 Games} (10... Nf4 11. c4 Nxd3 12. Qxd3 dxc4 13. Qxc4 {1-0 (30) Karjakin,S (2783)-Topalov,V (2741) Shamkir 2017}) 11. Re1 f6 12. exf6 gxf6 13. c4 $146 Nf4 14. Bf1 e5 15. cxd5 (15. g3 $5 {[%cal Rg3f4]} Nh3+ 16. Bxh3 Bxh3 17. cxd5 $14) 15... Qxd5 16. Qxd5+ Nxd5 17. g3 Bg4 18. Nbd2 Rad8 19. h3 Be6 20. Rac1 Nde7 21. Ne4 Nf5 22. Nc5 $36 {[%mdl 2048] White has the initiative.} Bd5 23. Bg2 Bxc5 24. Rxc5 {[%cal Rf3e5]} b6 25. Rcc1 Rd6 26. Red1 {Black must now prevent Rxd5!} Rfd8 {[#]} ({Black should play} 26... Bxf3 $14 27. Bxf3 Ncd4) 27. Rxd5 $1 $16 {[%mdl 512]} Rxd5 28. Rxc6 Rd1+ 29. Kh2 Rb1 (29... e4 $16 {was called for.}) 30. Rc2 $18 ({Don't play} 30. Rxf6 $6 Rxb2 31. Rxf5 Rxf2) 30... e4 $2 {[#]} (30... Nd6 {is a better chance.} 31. Nd2 Re1 32. Bd5+ Kf8) 31. Nd2 {White is clearly winning.} Rxb2 32. Rxb2 e3 33. Nc4 b5 34. Nxe3 {Precision: White = 83%, Black = 36%.} 1-0

[Event "Top 12 FRA-chT 2017"]
[Site "Chartres"]
[Date "2017.05.25"]
[Round "8"]
[White "Hamitevici, Vladimir"]
[Black "Hamdouchi, Hicham"]
[Result "1/2-1/2"]
[WhiteElo "2487"]
[BlackElo "2586"]
[Annotator "TA"]
[PlyCount "105"]
[EventDate "2017.??.??"]
[EventType "team-tourn"]
[EventCountry "FRA"]
[SourceTitle "playchess.com"]
[Source "ChessBase"]
[SourceQuality "1"]
[WhiteTeam "Vandoeuvre"]
[BlackTeam "Clichy"]

{[%evp 11,105,2,0,9,12,9,25,18,44,26,12,27,35,30,75,19,33,0,31,17,8,-8,-18,-9,-14,-13,-18,-17,-19,-46,14,-65,-56,-89,-82,-100,-62,-139,-43,-65,-57,-94,-97,-94,-100,-142,-133,-122,-93,-201,-184,-241,-56,-53,-30,-8,0,0,0,0,0,0,0,0,0,0,0,24,14,0,0,0,0,0,0,0,0,0,0,0,8,0,8,8,8,0,0,0,0,0,0,0,0,0,0,0]} 1. Nf3 Nf6 2. g3 c5 3. b3 Nc6 4. Bb2 d5 5. Bg2 d4 6. O-O {A08: King's Indian Attack} e5 {LiveBook: 5 Games} 7. e3 (7. d3 Bd6 8. Nbd2 O-O 9. c3 Re8 10. Rc1 h6 11. Nc4 Bc7 12. Nfd2 Bg4 13. Bxc6 bxc6 14. f3 Bh3 15. Rf2 Nd5 16. Ne4 Bb6 {½-½ (65) Ipatov,A (2613)-Najer,E (2653) Dubai 2014}) 7... Be7 8. exd4 exd4 9. c3 d3 $146 ({Predecessor:} 9... O-O 10. cxd4 cxd4 11. d3 Bf5 12. Na3 Nd5 13. Nb5 Nc3 14. Nxc3 dxc3 15. Bxc3 Qxd3 16. Qxd3 Bxd3 {½-½ (41) Kovalov,S (2290)-Izhnin,A (2300) Kherson 1990}) 10. c4 O-O 11. Ne5 Nd4 12. Nc3 Bf5 13. f4 ({Better is} 13. Bxb7 $16 Rb8 14. Bg2) 13... Rb8 $11 14. h3 h5 15. Kh2 Bd6 16. Rf2 Re8 17. Nd5 Bxe5 18. fxe5 Rxe5 19. Bxd4 cxd4 20. Qf1 Bg6 ({But not} 20... Nxd5 $6 21. Rxf5 Rxf5 22. Qxf5 $11) ({Black should play} 20... g6 $15) 21. Nf4 {[#]} (21. Nxf6+ $11 gxf6 22. Rxf6) 21... h4 $1 $15 {[%mdl 512]} 22. g4 (22. gxh4 Qd6) 22... Qd6 23. Kg1 Ne4 24. Bxe4 (24. Nxg6 $15 Qxg6 25. Bxe4 Rxe4 26. Re1) 24... Rxe4 (24... Bxe4 $17 25. Nxd3 Re7) 25. Nxg6 Qxg6 26. Qg2 Rbe8 {[%cal Bb8e8,Be8e7,Be7e5][%mdl 32]} 27. Raf1 R8e7 28. c5 Qc6 29. b4 Re2 30. a3 (30. Qxc6 $17 bxc6 31. Rd1) 30... a6 $19 31. g5 (31. Qxc6 {is a better defense.} bxc6 32. Rg2) 31... Qxg2+ $2 ({Black should try} 31... Qd7 $19 32. g6 fxg6 33. Qxg6 Rxf2 34. Kxf2 Qxh3) 32. Rxg2 {[%mdl 4096] Endgame KRR-KRR} R7e5 {Strongly threatening ...Rxg2+.} 33. Rf4 Rxg2+ 34. Kxg2 Rxg5+ $11 {KR-KR} 35. Kf2 Re5 36. Rxh4 Re2+ 37. Kf3 Rxd2 38. Rxd4 Rh2 39. Kg3 Rd2 40. Kf3 {The position is equal.} Kf8 41. Ke4 Ke7 42. Rd6 Rd1 43. Rb6 f5+ 44. Kd4 d2 45. Rxb7+ Kd8 {[#] ( -> ...Re1)} 46. Kd3 Ra1 $132 {[%mdl 2048] Black is fighting back} 47. Kxd2 Rxa3 48. Rxg7 {Hoping for h4.} Rxh3 49. Rg6 Ra3 50. Kc2 Ke7 51. Rh6 f4 52. Kd2 Rb3 53. Rxa6 {Precision: White = 39%, Black = 57%.} 1/2-1/2

[Event "Top 12 FRA-chT 2017"]
[Site "Chartres"]
[Date "2017.05.25"]
[Round "8"]
[White "Wirig, Anthony"]
[Black "Decosse, Jean-Fabien"]
[Result "1-0"]
[WhiteElo "2486"]
[BlackElo "2216"]
[Annotator "TA"]
[PlyCount "45"]
[EventDate "2017.??.??"]
[EventType "team-tourn"]
[EventCountry "FRA"]
[SourceTitle "playchess.com"]
[Source "ChessBase"]
[SourceQuality "1"]
[WhiteTeam "Grasse Echecs"]
[BlackTeam "Lisieux"]

{[%evp 19,45,11,0,-6,36,27,37,6,54,1,233,169,161,158,164,169,282,273,260,270,251,249,249,297,960,571,582,587]} 1. d4 Nf6 2. Bg5 c5 3. Bxf6 gxf6 4. d5 Qb6 5. Qc1 f5 6. g3 Bg7 7. c3 Na6 {A45: Trompowsky Attack} (7... Qf6 8. e3 Na6 9. Ne2 Nc7 10. Nf4 Bh6 11. c4 d6 12. Nc3 Bd7 13. Be2 a6 14. a4 b6 15. Nh5 {½-½ (66) Van Wely,L (2692)-Giri,A (2714) Wijk aan Zee 2012}) 8. Bg2 Nc7 9. Nd2 e6 10. Nc4 Qa6 {LiveBook: 3 Games} 11. Ne3 $146 ({Predecessor:} 11. Qf4 O-O 12. Nh3 d6 13. O-O e5 14. Qh4 f4 15. b3 {0-1 (35) Garcia Palermo,C (2443)-Nakamura,H (2568) Buenos Aires 2003}) 11... O-O 12. Nh3 {[%cal Bg1h3,Bh3f4,Bf4d5,Bd5e7][%mdl 32]} Rb8 13. Nf4 Bh6 14. Qd2 (14. Nh5 $14) 14... e5 $2 {[#]} (14... Ne8 $1 $11 {and Black is okay.}) 15. Nxf5 Qf6 16. Nxh6+ Qxh6 17. d6 $36 {[%mdl 2048] White has strong initiative.} Na6 (17... Nb5 $142) 18. Nd5 $18 Qxd2+ 19. Kxd2 b5 20. f4 exf4 21. Raf1 fxg3 $2 (21... Bb7 22. Ne7+ (22. gxf4 Kh8 $16) (22. Nxf4 Bxg2 23. Nxg2 Rb6 $16) 22... Kh8 23. Bxb7 Rxb7) 22. hxg3 {[#] White threatens Nf6+ and mate.} f5 23. Ne7+ {Precision: White = 64%, Black = 29%.} 1-0